Culture Générale - Série 2125 - Statistiques

Statistiques générales
  • Ce quiz a été pris 103 fois
  • Le résultat moyen est 5 sur 10
Statistiques - réponses
Question Réponse % Correct
Dans quelle ville française se trouve la gare de la Part-Dieu ? Lyon
93%
Quel titre de noblesse est associé à Pierre de Coubertin ? Baron
71%
Quel est le nom du valet muet mais pas sourd de Zorro ? Bernardo
68%
Quel est le pseudonyme du rappeur Claude Honoré M'Barali ? voir photo MC Solaar
62%
Quel chanteur américain était surnommé "The Voice" ? prénom et nom Frank Sinatra
52%
Pierre Dac et Francis Blanche ont animé un feuilleton radiophonique dans les années 1950 intitulé : "Signé .... Furax
35%
Quel chanteur populaire interprète "le Cinéma d'Audiard" ? prénom et nom Michel Sardou
27%
Quel célèbre quartier de Paris et une station de métro doivent leur nom à un sculpteur prénommé Jean-Baptiste (1714-1785) ? Pigalle
26%
Quel est la capitale de l'état des Etats Unis "Kentucky" ? Frankfort
20%
Quel film de Luc Besson a pour titre le nom d'une navette spatiale ? Atlantis
9%
Aucun quiz correspondant
Distribution des résultats
% des personnes avec chaque résultat
Percentile par nombre de réponses
Votre historique - résultats
Vous n’avez pas pris ce quiz